000 00775nam a2200217 i 4500
001 19507
003 ES-MaACL
005 20230906152119.0
007 t|
008 021001s1895 sp ||||1| spa d
080 _a242:265.3
100 1 _aAbad de Aparicio, Hilario
_917922
245 1 0 _aNueve días dedicados a Nuestro Señor Jesucristo
_b: presente en el Augusto Sacramento de la Eucaristía /
_cpor H. A. de A.
260 _aMadrid :
_b[s.n.],
_c1895 (
_fImp. de Nicolás Moya)
300 _a210, 23 p. ;
_c18 cm.
530 _aDisponible en formato digital.
650 4 _aEucaristía-
_vMeditaciones.
_9158707
852 _aES-MaACL
_jG-8567
856 _uhttp://bdh-rd.bne.es/viewer.vm?id=0000086103&page=1
_zBiblioteca Digital Hispánica
999 _c19507
_d19507